<?xml version="1.0" encoding="UTF-8"?>
<record
    xmlns:xsi="http://www.w3.org/2001/XMLSchema-instance"
    xsi:schemaLocation="http://www.loc.gov/MARC21/slim http://www.loc.gov/standards/marcxml/schema/MARC21slim.xsd"
    xmlns="http://www.loc.gov/MARC21/slim">

  <leader>01612    a2200277   4500</leader>
  <controlfield tag="003">NALT</controlfield>
  <controlfield tag="005">20211116080645.0</controlfield>
  <controlfield tag="008">190802b        th ||||| |||| 00| 0 tha d</controlfield>
  <datafield tag="020" ind1=" " ind2=" ">
    <subfield code="a">9786165361651</subfield>
  </datafield>
  <datafield tag="040" ind1=" " ind2=" ">
    <subfield code="a">NALT</subfield>
  </datafield>
  <datafield tag="050" ind1=" " ind2=" ">
    <subfield code="a">DS 586</subfield>
    <subfield code="b">&#xE20;671&#xE01; 2560</subfield>
  </datafield>
  <datafield tag="100" ind1="0" ind2=" ">
    <subfield code="a">&#xE01;&#xE21;&#xE25;&#xE27;&#xE23;&#xE23;&#xE13; &#xE25;&#xE34;&#xE49;&#xE21;&#xE17;&#xE2D;&#xE07;&#xE01;&#xE38;&#xE25;</subfield>
    <subfield code="9">41397</subfield>
  </datafield>
  <datafield tag="245" ind1="1" ind2="0">
    <subfield code="a">9 &#xE2A;&#xE39;&#xE48;&#xE2A;&#xE27;&#xE23;&#xE23;&#xE04;&#xE32;&#xE25;&#xE31;&#xE22; /</subfield>
    <subfield code="b"> </subfield>
    <subfield code="c">&#xE04;&#xE13;&#xE30;&#xE1C;&#xE39;&#xE49;&#xE40;&#xE02;&#xE35;&#xE22;&#xE19; &#xE01;&#xE21;&#xE25;&#xE27;&#xE23;&#xE23;&#xE13; &#xE25;&#xE34;&#xE49;&#xE21;&#xE17;&#xE2D;&#xE07;&#xE01;&#xE38;&#xE25; ...[&#xE41;&#xE25;&#xE30;&#xE04;&#xE19;&#xE2D;&#xE37;&#xE48;&#xE19; &#xE46;] ; &#xE1A;&#xE23;&#xE23;&#xE13;&#xE32;&#xE18;&#xE34;&#xE01;&#xE32;&#xE23; &#xE23;&#xE38;&#xE48;&#xE07;&#xE21;&#xE13;&#xE35; &#xE40;&#xE21;&#xE06;&#xE42;&#xE2A;&#xE20;&#xE13;.</subfield>
  </datafield>
  <datafield tag="246" ind1="3" ind2="1">
    <subfield code="a">Journey to heaven.</subfield>
  </datafield>
  <datafield tag="250" ind1=" " ind2=" ">
    <subfield code="a">&#xE1E;&#xE34;&#xE21;&#xE1E;&#xE4C;&#xE04;&#xE23;&#xE31;&#xE49;&#xE07;&#xE41;&#xE23;&#xE01;</subfield>
  </datafield>
  <datafield tag="260" ind1=" " ind2=" ">
    <subfield code="a">&#xE01;&#xE23;&#xE38;&#xE07;&#xE40;&#xE17;&#xE1E;&#xE2F; :</subfield>
    <subfield code="b"> &#xE1A;&#xE49;&#xE32;&#xE19;&#xE1E;&#xE23;&#xE30;&#xE2D;&#xE32;&#xE17;&#xE34;&#xE15;&#xE22;&#xE4C;,</subfield>
    <subfield code="c">2560.</subfield>
  </datafield>
  <datafield tag="300" ind1=" " ind2=" ">
    <subfield code="a">279 &#xE2B;&#xE19;&#xE49;&#xE32; : </subfield>
    <subfield code="b">&#xE20;&#xE32;&#xE1E;&#xE1B;&#xE23;&#xE30;&#xE01;&#xE2D;&#xE1A; ;</subfield>
    <subfield code="c">26 &#xE0B;&#xE21;.</subfield>
  </datafield>
  <datafield tag="600" ind1="0" ind2="4">
    <subfield code="a">&#xE20;&#xE39;&#xE21;&#xE34;&#xE1E;&#xE25;&#xE2D;&#xE14;&#xE38;&#xE25;&#xE22;&#xE40;&#xE14;&#xE0A;,</subfield>
    <subfield code="c">&#xE1E;&#xE23;&#xE30;&#xE1A;&#xE32;&#xE17;&#xE2A;&#xE21;&#xE40;&#xE14;&#xE47;&#xE08;&#xE1E;&#xE23;&#xE30;&#xE1B;&#xE23;&#xE21;&#xE34;&#xE19;&#xE17;&#xE23;&#xE21;&#xE2B;&#xE32;,</subfield>
    <subfield code="d">2470-2559</subfield>
    <subfield code="x">&#xE1E;&#xE23;&#xE30;&#xE23;&#xE32;&#xE0A;&#xE1E;&#xE34;&#xE18;&#xE35;&#xE16;&#xE27;&#xE32;&#xE22;&#xE1E;&#xE23;&#xE30;&#xE40;&#xE1E;&#xE25;&#xE34;&#xE07;&#xE1E;&#xE23;&#xE30;&#xE1A;&#xE23;&#xE21;&#xE28;&#xE1E;  </subfield>
    <subfield code="9">30081</subfield>
  </datafield>
  <datafield tag="600" ind1="0" ind2="4">
    <subfield code="9">41399</subfield>
    <subfield code="a">&#xE20;&#xE39;&#xE21;&#xE34;&#xE1E;&#xE25;&#xE2D;&#xE14;&#xE38;&#xE25;&#xE22;&#xE40;&#xE14;&#xE0A;,</subfield>
    <subfield code="c">&#xE1E;&#xE23;&#xE30;&#xE1A;&#xE32;&#xE17;&#xE2A;&#xE21;&#xE40;&#xE14;&#xE47;&#xE08;&#xE1E;&#xE23;&#xE30;&#xE1B;&#xE23;&#xE21;&#xE34;&#xE19;&#xE17;&#xE23;&#xE21;&#xE2B;&#xE32;,</subfield>
    <subfield code="d">2470-2559</subfield>
    <subfield code="x">&#xE1E;&#xE23;&#xE30;&#xE40;&#xE21;&#xE23;&#xE38;&#xE21;&#xE32;&#xE28; </subfield>
  </datafield>
  <datafield tag="650" ind1=" " ind2="4">
    <subfield code="9">30080</subfield>
    <subfield code="a">&#xE01;&#xE29;&#xE31;&#xE15;&#xE23;&#xE34;&#xE22;&#xE4C;&#xE41;&#xE25;&#xE30;&#xE1C;&#xE39;&#xE49;&#xE04;&#xE23;&#xE2D;&#xE07;&#xE19;&#xE04;&#xE23; </subfield>
    <subfield code="x">&#xE1E;&#xE34;&#xE18;&#xE35;&#xE01;&#xE23;&#xE23;&#xE21; </subfield>
    <subfield code="z">&#xE44;&#xE17;&#xE22;</subfield>
  </datafield>
  <datafield tag="650" ind1=" " ind2="4">
    <subfield code="9">28615</subfield>
    <subfield code="a">&#xE1E;&#xE34;&#xE18;&#xE35;&#xE28;&#xE1E;</subfield>
    <subfield code="z">&#xE44;&#xE17;&#xE22;</subfield>
  </datafield>
  <datafield tag="700" ind1="0" ind2=" ">
    <subfield code="a">&#xE23;&#xE38;&#xE48;&#xE07;&#xE21;&#xE13;&#xE35; &#xE40;&#xE21;&#xE06;&#xE42;&#xE2A;&#xE20;&#xE13;</subfield>
    <subfield code="9">16347</subfield>
  </datafield>
  <datafield tag="850" ind1=" " ind2=" ">
    <subfield code="a">NALT</subfield>
  </datafield>
  <datafield tag="942" ind1=" " ind2=" ">
    <subfield code="2">lcc</subfield>
    <subfield code="c">GB</subfield>
  </datafield>
  <datafield tag="998" ind1=" " ind2=" ">
    <subfield code="a">phon</subfield>
    <subfield code="b">phon</subfield>
    <subfield code="c">phon</subfield>
    <subfield code="j">104</subfield>
    <subfield code="k"> &#xE2A;&#xE32;&#xE22;&#xE1D;&#xE19; &#xE14;&#xE35;&#xE07;&#xE32;&#xE21;</subfield>
  </datafield>
  <datafield tag="999" ind1=" " ind2=" ">
    <subfield code="c">96174</subfield>
    <subfield code="d">96174</subfield>
  </datafield>
  <datafield tag="952" ind1=" " ind2=" ">
    <subfield code="0">0</subfield>
    <subfield code="1">0</subfield>
    <subfield code="2">lcc</subfield>
    <subfield code="4">0</subfield>
    <subfield code="7">0</subfield>
    <subfield code="8">CGBL</subfield>
    <subfield code="a">NALT</subfield>
    <subfield code="b">NALT</subfield>
    <subfield code="c">GEN</subfield>
    <subfield code="d">2019-07-12</subfield>
    <subfield code="e">3</subfield>
    <subfield code="o">DS 586 &#xE20;671&#xE01; 2560</subfield>
    <subfield code="p">3961209552</subfield>
    <subfield code="r">2019-08-22 00:00:00</subfield>
    <subfield code="w">2019-07-12</subfield>
    <subfield code="y">GB</subfield>
  </datafield>
</record>
